| 000 | 00514nam a22001937a 4500 | ||
|---|---|---|---|
| 005 | 20251108172224.0 | ||
| 008 | 250721s9999 xx 000 0 ara d | ||
| 082 | 1 | 4 | _a932/طرا |
| 100 | 1 | _aطراف، محمد آصف | |
| 245 | 1 | 0 | _aأسرار الأهرامات / |
| 264 | 1 |
_aدمشق : _bدار الرضوان، |
|
| 300 | _a185ص | ||
| 650 | 1 | 7 | _aالتاريخ |
| 650 | 1 | 7 | _aمصر القديمة |
| 650 | 1 | 7 | _aالفراعنة |
| 650 | 1 | 7 | _aالأهرامات |
| 942 |
_2ddc _cBK |
||
| 999 |
_c73510 _d73510 |
||